| 000 | 00604nam a2200241 a 4500 | ||
|---|---|---|---|
| 001 | nice12345678 | ||
| 003 | IN_TiNIC | ||
| 005 | 20260116012321.0 | ||
| 008 | 050524s0000 dela grp 000 0 eng | ||
| 020 |
_a _c100 |
||
| 082 | 0 | 0 |
_a305.480297 _bMER1 |
| 100 | _aMernissi, Fatima | ||
| 245 | _aBeyond the Veil | ||
| 260 |
_aDelhi _bIntercultural Publications _c0000 |
||
| 500 | _aincludes index and biblioraphy | ||
| 505 | 2 | _aBibliography, Index | |
| 650 | _aMuslim Women | ||
| 650 | _aMuslim Women-Morocco | ||
| 700 | 1 | _aMernissi, Fatima | |
| 902 | _bSRS | ||
| 942 | _cBK | ||
| 999 |
_c6529 _d6529 |
||